Rulers of countries in WW1 - Statistics

General Stats
  • This quiz has been taken 87 times
  • The average score is 4 of 8
Answer Stats
Picture Hint Answer % Correct
Germany Wilhelm II.
95%
USA Woodrow Wilson
87%
UK George V.
78%
Austria-Hungary Franz Joseph I.
68%
Belgium Albert I.
32%
Russia Nicolas II.
32%
France Raymond Poincaré
14%
Italy Viktor Emanuel III.
6%
No matching quizzes found
Score Distribution
Percent of People with Each Score
Percentile by Number Answered
Your Score History
You have not taken this quiz